Loading...
Fine Arts - Auditory Fine Arts | 7 | 21.43 | 100% | 86% | 29% |
Fine Arts - Other Fine Arts | 4 | 17.50 | 100% | 75% | 0% |
Fine Arts - Visual Fine Arts | 5 | 16.00 | 100% | 60% | 0% |
Geography | 1 | 10.00 | 100% | 0% | 0% |
History - American History | 2 | 10.00 | 100% | 0% | 0% |
History - European History | 5 | 16.00 | 100% | 60% | 0% |
History - Other History | 2 | 30.00 | 100% | 100% | 100% |
History - World History | 4 | 25.00 | 100% | 100% | 50% |
Literature - American Literature | 6 | 26.67 | 100% | 100% | 67% |
Literature - British Literature | 5 | 22.00 | 100% | 80% | 40% |
Literature - European Literature | 2 | 20.00 | 50% | 100% | 50% |
Literature - World Literature | 1 | 30.00 | 100% | 100% | 100% |
Mythology | 2 | 20.00 | 100% | 100% | 0% |
Other Academic | 1 | 10.00 | 100% | 0% | 0% |
Philosophy | 6 | 25.00 | 100% | 100% | 50% |
Pop Culture | 2 | 20.00 | 100% | 100% | 0% |
Religion | 4 | 20.00 | 100% | 75% | 25% |
Religion- Edited | 1 | 30.00 | 100% | 100% | 100% |
Science - Biology | 4 | 15.00 | 75% | 75% | 0% |
Science - Chemistry | 4 | 15.00 | 100% | 50% | 0% |
Science - Other Science | 5 | 16.00 | 100% | 20% | 40% |
Science - Physics | 4 | 25.00 | 100% | 100% | 50% |
Social Science | 3 | 23.33 | 100% | 100% | 33% |
1 | 20.00 | 100% | 100% | 0% |